The planting and development of missionary churches / (Record no. 6306)
[ view plain ]
| 000 -LEADER | |
|---|---|
| fixed length control field | 00761nam a2200193 a 4500 |
| 003 - CONTROL NUMBER IDENTIFIER | |
| control field | PILC |
| 005 - DATE AND TIME OF LATEST TRANSACTION | |
| control field | 20241030162643.0 |
| 008 - FIXED-LENGTH DATA ELEMENTS--GENERAL INFORMATION | |
| fixed length control field | 070205s19uu xx 00 eng d[1958] |
| 010 ## - LIBRARY OF CONGRESS CONTROL NUMBER | |
| LC control number | Acc#17145 |
| 040 ## - CATALOGING SOURCE | |
| Transcribing agency | Philippine Baptist Theological Seminary |
| 050 ## - LIBRARY OF CONGRESS CALL NUMBER | |
| Classification number | BV 2061 |
| Item number | N415 [1958] |
| 100 10 - MAIN ENTRY--PERSONAL NAME | |
| Personal name | Nevius, John L. |
| 245 10 - TITLE STATEMENT | |
| Title | The planting and development of missionary churches / |
| Statement of responsibility, etc. | by John L. Nevius. |
| 260 0# - PUBLICATION, DISTRIBUTION, ETC (IMPRINT) | |
| Place of publication, distribution, etc. | Nutley, NJ : |
| Name of publisher, distributor, etc. | The Presbyterian and Reformed Publishing Company, |
| Date of publication, distribution, etc. | c[1958] |
| 300 ## - PHYSICAL DESCRIPTION | |
| Extent | 92 p. ; 21 cm. |
| 505 ## - FORMATTED CONTENTS NOTE | |
| Formatted contents note | The Old system criticized<br/>How to deal with new converts?<br/>Origin and growth of stations in central Shan-Tung<br/>Organization of stations, present and prospective<br/>Beginning work |
| 650 ## - SUBJECT ADDED ENTRY--TOPICAL TERM | |
| Topical term or geographic name as entry element | MISSIONS |
| 942 ## - ADDED ENTRY ELEMENTS (KOHA) | |
| Koha item type | Circulation Books |
| Source of classification or shelving scheme | Library of Congress Classification |
| Withdrawn status | Lost status | Source of classification or shelving scheme | Damaged status | Not for loan | Home library | Current library | Shelving location | Date acquired | Cost, normal purchase price | Total Checkouts | Full call number | Barcode | Date last seen | Date last checked out | Price effective from | Koha item type |
|---|---|---|---|---|---|---|---|---|---|---|---|---|---|---|---|---|
| Dewey Decimal Classification | PBTS Library | PBTS Library | Circulation Section | 02/05/2007 | 1.95 | 7 | BV 2061 N415 [1958] | 17145 | 03/18/2026 | 06/20/2023 | 04/02/2015 | Circulation Books |